Catálogo

DIOS EN EL SILENCIO (Registro nro. 40421)

Detalles MARC
000 -LEADER
fixed length control field 00397nam a2200157 a 4500
001 - CONTROL NUMBER
control field 40421
005 - DATE AND TIME OF LATEST TRANSACTION
control field 20180714014235.0
008 - FIXED-LENGTH DATA ELEMENTS--GENERAL INFORMATION
fixed length control field 140415s1969 000 0 spa d
041 ## - LANGUAGE CODE
Language code of text/sound track or separate title spa
082 ## - DEWEY DECIMAL CLASSIFICATION NUMBER
Classification number 808.815
Item number VER
100 1# - MAIN ENTRY--PERSONAL NAME
Personal name VERDUZCO, JERONIMO
245 10 - TITLE STATEMENT
Title DIOS EN EL SILENCIO
260 ## - PUBLICATION, DISTRIBUTION, ETC.
Place of publication, distribution, etc. [s.l.] :
Name of publisher, distributor, etc. IMPRESOS LOPEZ,
Date of publication, distribution, etc. 1969
300 ## - PHYSICAL DESCRIPTION
Extent 123
650 14 - SUBJECT ADDED ENTRY--TOPICAL TERM
Topical term or geographic name entry element POESIA RELIGIOSA
Existencias
Withdrawn status Lost status Source of classification or shelving scheme Damaged status Not for loan Collection code Home library Current library Shelving location Date acquired Source of acquisition Inventory number Total Checkouts Full call number Barcode Date last seen Price effective from Koha item type
    Dewey Decimal Classification     General Biblioteca Karol Wojtyla Biblioteca Karol Wojtyla Sala general 03/12/2013 Compra 151000000000000000032144   808.815 VER 6078 05/01/2026 03/12/2013 Libro